000 00457 a2200193 4500
001 109151
020 _a9780779162437
041 _aeng
082 _a537
245 1 0 _aMake electrostatic slime.
250 _a. ed.
300 _a6 books + 1 teacher“s guide
697 _aElectricity.
856 _u000033/0000331d.jpeg
040 _aBR-BrIDEA
_cBR-BrIDEA
090 _aYear 3 537
_bMAK
260 _aCanada
_bScholastic Canada
_c2007
942 _cBK
999 _c109151
_d109151